[Event "Frankfurt Ch A 2017"]
[Site "Ffm-Höchst, BiKuZ"]
[Date "2017.05.22"]
[Round "5.41"]
[White "Dohmes, Swidbert"]
[Black "Gutacker, Stephan"]
[Result "1/2-1/2"]
[WhiteElo "1581"]
[BlackElo "1825"]
[PlyCount "57"]
[EventDate "2017.??.??"]
[WhiteTeam "SV Hofheim"]
[BlackTeam "Sfr. Kelkheim"]

1. e4 e5 2. Nf3 Nc6 3. Bb5 Bc5 4. O-O d6 5. d4 exd4 6. Nxd4 Bd7 7. Be3 Nf6 8.
Nc3 O-O 9. Nxc6 bxc6 10. Bxc5 cxb5 11. Bd4 Bc6 12. Re1 Re8 13. e5 Nd5 14. Qg4
dxe5 15. Bxe5 f6 16. Nxd5 fxe5 17. Nc3 Qe7 18. Ne4 Rf8 19. Qe2 Rad8 20. c3 Rf4
21. Ng3 Rdf8 22. Qxe5 Qxe5 23. Rxe5 Rxf2 24. Re2 Rxe2 25. Nxe2 Bd5 26. a3 Bc4
27. Re1 Rd8 28. Nd4 c5 29. Nf3 1/2-1/2

[Event "Frankfurt Ch A 2017"]
[Site "Ffm-Höchst, BiKuZ"]
[Date "2017.05.22"]
[Round "5.42"]
[White "Bergner, Matthias"]
[Black "Schellen, Sven"]
[Result "1-0"]
[WhiteElo "1577"]
[BlackElo "1801"]
[PlyCount "105"]
[EventDate "2017.??.??"]
[WhiteTeam "SV Neu-Isenburg"]
[BlackTeam "SF Frankfurt"]

1. d4 f5 2. e3 Nf6 3. f4 g6 4. Nf3 d6 5. Be2 Bg7 6. O-O O-O 7. c4 Qe8 8. Nc3 c6
9. Bd2 Nbd7 10. Qb3 Kh8 11. Ng5 e5 12. Rae1 h6 13. Nh3 Ne4 14. Nxe4 fxe4 15.
fxe5 Rxf1+ 16. Rxf1 dxe5 17. dxe5 Nc5 18. Qa3 Bxh3 19. Qxc5 Bf5 20. Bc3 b6 21.
Qd6 Rd8 22. Qc7 Qd7 23. Qxd7 Rxd7 24. Rd1 Re7 25. Rd8+ Kh7 26. g4 Be6 27. Kg2
g5 28. b3 Kg6 29. Bd1 Bf7 30. Rd6+ Re6 31. Rxe6+ Bxe6 32. h3 b5 33. Bc2 bxc4
34. Bxe4+ Kf7 35. bxc4 Bxc4 36. Bxc6 Bxa2 37. Kf3 Ke6 38. Ba5 Bxe5 39. Be4 Bd6
40. Bc3 Be5 41. Bb4 Bg7 42. Bf5+ Kd5 43. e4+ Kc4 44. Bd6 Kd4 45. Ba3 Kd3 46.
e5+ Kd4 47. e6 Bd5+ 48. Kf2 Kc4 49. e7 Bd4+ 50. Ke2 Bf7 51. Bd7 Kb3 52. Bd6 a5
53. Be6+ 1-0

[Event "Frankfurt Ch A 2017"]
[Site "Ffm-Höchst, BiKuZ"]
[Date "2017.05.22"]
[Round "5.43"]
[White "Koellner, Ulrich"]
[Black "Lanz, Jürgen"]
[Result "1/2-1/2"]
[WhiteElo "1706"]
[BlackElo "1560"]
[PlyCount "32"]
[EventDate "2017.??.??"]
[WhiteTeam "SV Hofheim"]
[BlackTeam "SC Hattersheim"]

1. d4 d5 2. c4 e6 3. Nc3 Nf6 4. Nf3 a6 5. e3 c6 6. Bd3 dxc4 7. Bxc4 b5 8. Bd3
Be7 9. O-O Bb7 10. b3 O-O 11. Bb2 c5 12. Qe2 Nc6 13. dxc5 Bxc5 14. Rfd1 Qe7 15.
Rac1 Rac8 16. Ne4 Nxe4 1/2-1/2

[Event "Frankfurt Ch A 2017"]
[Site "Ffm-Höchst, BiKuZ"]
[Date "2017.05.22"]
[Round "5.44"]
[White "Senatov, Boris"]
[Black "Thede, Stefan"]
[Result "1-0"]
[WhiteElo "1558"]
[BlackElo "1649"]
[PlyCount "51"]
[EventDate "2017.??.??"]
[WhiteTeam "SC Heusenstamm"]
[BlackTeam "SV Frankfurt Nord"]

1. e4 d6 2. d4 Nf6 3. Nc3 g6 4. f4 Bg7 5. Nf3 c6 6. e5 Nfd7 7. Bd3 c5 8. e6
fxe6 9. Ng5 Nf8 10. dxc5 d5 11. Qe2 Nc6 12. h4 Nd4 13. Qf2 Qa5 14. Bd2 Qxc5 15.
h5 Qd6 16. hxg6 hxg6 17. Rxh8 Bxh8 18. Be3 Nc6 19. Nb5 Qd7 20. Qh4 Bf6 21. Qh6
Bxg5 22. Bxg6+ Nxg6 23. Qxg6+ Kd8 24. Qxg5 Qe8 25. O-O-O Bd7 26. Nd6 1-0

[Event "Frankfurt Ch A 2017"]
[Site "Ffm-Höchst, BiKuZ"]
[Date "2017.05.22"]
[Round "5.46"]
[White "Leichum, Engelbert"]
[Black "Lehmann, Gerit"]
[Result "0-1"]
[WhiteElo "1688"]
[BlackElo "1568"]
[PlyCount "144"]
[EventDate "2017.??.??"]
[WhiteTeam "vereinslos"]
[BlackTeam "SF Frankfurt"]

1. e4 d5 2. exd5 Nf6 3. Nc3 Nxd5 4. Bc4 Nb6 5. Bb3 Nc6 6. d3 Na5 7. Bxf7+ Kxf7
8. Qh5+ g6 9. Qxa5 Bg7 10. Nf3 Qd6 11. O-O Rf8 12. Re1 Kg8 13. Ne4 Qc6 14. c4
Bf5 15. Qb4 Bxe4 16. Rxe4 Qd6 17. Qb3 c5 18. Bg5 Bf6 19. Bf4 Qd7 20. Qc2 Rad8
21. Rd1 Rfe8 22. Be5 Qc6 23. Qe2 Nc8 24. d4 Nd6 25. d5 Qd7 26. Rf4 Kg7 27. Ng5
Rc8 28. Ne6+ Kg8 29. Qg4 Bxe5 30. Rf3 Bf6 31. h4 Nf7 32. h5 Ne5 33. Qg3 Nxf3+
34. gxf3 Qd6 35. f4 Kf7 36. hxg6+ hxg6 37. Kf1 Rh8 38. Ke2 Rcg8 39. Rg1 Rh5 40.
Qf3 Rf5 41. Qh3 Rh5 42. Qd3 a6 43. b3 Rf5 44. Qh3 Rh5 45. Qf3 b5 46. a3 bxc4
47. bxc4 Qb6 48. Rd1 Qb2+ 49. Rd2 Qc1 50. Qd3 Rh1 51. Ng5+ Bxg5 52. fxg5 Qf1+
53. Kf3 Rh3+ 54. Ke4 Rxd3 55. Rxd3 Qxf2 56. Rf3+ Qxf3+ 57. Kxf3 Rb8 58. Ke4 Rb3
59. Ke5 Rxa3 60. d6 exd6+ 61. Kxd6 Rg3 62. Kxc5 Rxg5+ 63. Kb4 Re5 64. c5 Ke6
65. Ka5 Rxc5+ 66. Kxa6 g5 67. Kb6 Kd6 68. Kb7 Rc6 69. Ka7 g4 70. Kb7 g3 71. Kb8
g2 72. Kb7 g1=Q 0-1

[Event "Frankfurt Ch A 2017"]
[Site "Ffm-Höchst, BiKuZ"]
[Date "2017.05.22"]
[Round "5.47"]
[White "Lopez, Victor"]
[Black "John, Volkmar"]
[Result "0-1"]
[WhiteElo "1526"]
[BlackElo "1673"]
[PlyCount "58"]
[EventDate "2017.??.??"]
[WhiteTeam "SC Höchst"]
[BlackTeam "SK Herborn"]

1. e4 c5 2. c3 d5 3. exd5 Qxd5 4. d4 Nf6 5. Nf3 Bg4 6. Be2 e6 7. Be3 cxd4 8.
Nxd4 Bxe2 9. Qxe2 Qxg2 10. Qf3 Qxf3 11. Nxf3 Nc6 12. Nbd2 Bd6 13. Nc4 Bc7 14.
O-O-O Ke7 15. Bc5+ Ke8 16. h3 Ne4 17. Be3 Rd8 18. Rhg1 Rxd1+ 19. Kxd1 g6 20.
Ng5 Nd6 21. Rg4 h5 22. Nxd6+ Bxd6 23. Rc4 Ke7 24. Ne4 f6 25. h4 Rd8 26. Ke2 Rd7
27. Nxd6 Kxd6 28. Bc5+ Kd5 29. b3 b5 0-1

[Event "Frankfurt Ch A 2017"]
[Site "Ffm-Höchst, BiKuZ"]
[Date "2017.05.22"]
[Round "5.48"]
[White "Gude, Michael"]
[Black "Rauscher, Joachim"]
[Result "1/2-1/2"]
[WhiteElo "1520"]
[BlackElo "1666"]
[PlyCount "131"]
[EventDate "2017.??.??"]
[WhiteTeam "SF Fürth"]
[BlackTeam "SC Brett vorm Kopp"]

1. e4 c5 2. c3 d5 3. exd5 Qxd5 4. Nf3 Nf6 5. Na3 Qd8 6. Bc4 e6 7. O-O Be7 8. d4
O-O 9. Nc2 Qc7 10. Qe2 a6 11. a3 b5 12. Ba2 Bb7 13. dxc5 Bxc5 14. Ncd4 Bd5 15.
Bxd5 exd5 16. h3 Re8 17. Qd3 Nbd7 18. Be3 Ne4 19. Rad1 Ndf6 20. Rfe1 Rad8 21.
Qc2 Ba7 22. Qb3 Bb8 23. Qc2 h6 24. a4 Qc4 25. axb5 axb5 26. Ra1 Bd6 27. Ra6 Rc8
28. Rea1 Nd7 29. Nf5 Bc5 30. Bxc5 Qxc5 31. N3d4 Ndf6 32. Qb3 Re5 33. Ne3 Nd6
34. Ra8 Ree8 35. Rxc8 Rxc8 36. Rd1 Rb8 37. Ndc2 Nc4 38. Qb4 Qxb4 39. Nxb4 Nxb2
40. Rb1 Na4 41. Nexd5 Nxd5 42. Nxd5 Nc5 43. c4 Kf8 44. cxb5 Nb7 45. Kf1 Rd8 46.
Nc3 Ke7 47. Ke2 Kd6 48. Rd1+ Kc5 49. Rxd8 Nxd8 50. f4 Ne6 51. g3 Nd4+ 52. Ke3
Nf5+ 53. Kf3 Nd4+ 54. Ke4 Ne6 55. h4 Kc4 56. Nd1 Kxb5 57. Kd5 Kb6 58. Kd6 Nd4
59. Ke7 Ne2 60. Kxf7 Nxg3 61. Kxg7 Nf5+ 62. Kh7 Nxh4 63. Kxh6 Kc6 64. Kh5 Nf3
65. Kg4 Nd4 66. Nc3 1/2-1/2

[Event "Frankfurt Ch A 2017"]
[Site "Ffm-Höchst, BiKuZ"]
[Date "2017.05.22"]
[Round "5.49"]
[White "Koch, Thomas"]
[Black "Breitbach, Stephan"]
[Result "0-1"]
[WhiteElo "1662"]
[BlackElo "1503"]
[PlyCount "62"]
[EventDate "2017.??.??"]
[WhiteTeam "SV Ffm-Griesheim"]
[BlackTeam "SC Landskrone"]

1. e4 c6 2. d4 d5 3. e5 Bf5 4. Ne2 e6 5. Ng3 Bg6 6. h4 h6 7. h5 Bh7 8. Bd3 Bxd3
9. Qxd3 Qc7 10. c3 c5 11. f4 cxd4 12. cxd4 Qxc1+ 13. Ke2 Qc7 14. f5 Be7 15.
fxe6 Qc4 16. exf7+ Kxf7 17. Rf1+ Ke6 18. Nf5 Qxd3+ 19. Kxd3 Nc6 20. Nxg7+ Kd7
21. Nc3 Nb4+ 22. Ke2 Rf8 23. a3 Nc6 24. Kd3 Rxf1 25. Rxf1 Bg5 26. Nxd5 Nge7 27.
Rf7 Nd8 28. Nf6+ Bxf6 29. Rxf6 Rg8 30. Rd6+ Kc8 31. Ne6 Nf7 0-1

[Event "Frankfurt Ch A 2017"]
[Site "Ffm-Höchst, BiKuZ"]
[Date "2017.05.22"]
[Round "5.50"]
[White "Stricker, Konstantin"]
[Black "Wich, Manuela"]
[Result "1/2-1/2"]
[WhiteElo "1660"]
[BlackElo "1494"]
[PlyCount "74"]
[EventDate "2017.??.??"]
[WhiteTeam "SC Eschbach"]
[BlackTeam "Niederräder TG"]

1. e4 Nf6 2. Nc3 e5 3. Nf3 d6 4. Bc4 Be7 5. O-O h6 6. h3 O-O 7. d4 exd4 8. Nxd4
Nxe4 9. Bxf7+ Rxf7 10. Nxe4 d5 11. Ng3 c5 12. Nf3 Nc6 13. c3 b6 14. Be3 Be6 15.
Qe2 Qc8 16. Rfe1 Bf5 17. Rad1 Qd7 18. Rd2 Raf8 19. Nxf5 Qxf5 20. Red1 Rd8 21.
Nh2 Bd6 22. Nf3 Rfd7 23. Kf1 Be7 24. a3 Qh5 25. Bf4 Qf7 26. Be3 Bf6 27. Qb5 Ne7
28. Qd3 Ng6 29. Qf5 Ne7 30. Qd3 Ng6 31. Qf5 Ne7 32. Qg4 h5 33. Qf4 Ng6 34. Qf5
Ne7 35. Qf4 Ng6 36. Qg3 Ne7 37. Qf4 Ng6 1/2-1/2

[Event "Frankfurt Ch A 2017"]
[Site "Ffm-Höchst, BiKuZ"]
[Date "2017.05.22"]
[Round "5.51"]
[White "Friedel, Thomas"]
[Black "Fischer, Lutz"]
[Result "0-1"]
[WhiteElo "1481"]
[BlackElo "1609"]
[PlyCount "96"]
[EventDate "2017.??.??"]
[WhiteTeam "SV Groß-Gerau"]
[BlackTeam "SF Frankfurt"]

1. e4 c5 2. Nf3 e6 3. Nc3 a6 4. a4 Nc6 5. Bc4 Nf6 6. d3 d5 7. exd5 exd5 8. Bb3
h6 9. h3 Be7 10. Bf4 O-O 11. O-O Be6 12. Re1 Rc8 13. Ba2 Qb6 14. b3 Nh5 15. Bh2
Nf6 16. Ne2 Nd7 17. Nf4 Nb4 18. Nxe6 fxe6 19. Ne5 Nxe5 20. Bxe5 Rf5 21. c3 Nc6
22. Bg3 e5 23. Bb1 Rcf8 24. d4 e4 25. f3 cxd4 26. cxd4 Nxd4 27. Bf2 Bc5 28. a5
Qf6 29. Ra2 Nxf3+ 30. gxf3 Qg5+ 31. Kh1 Bxf2 32. Rxf2 Qg3 33. Rh2 Qxf3+ 34.
Qxf3 Rxf3 35. Bc2 e3 36. Bd1 Rf1+ 37. Rxf1 Rxf1+ 38. Kg2 Rxd1 39. Kf3 d4 40.
Rc2 Rf1+ 41. Ke4 Rd1 42. Kf3 Kf7 43. Rc7+ Ke6 44. Rxb7 Rf1+ 45. Ke2 Rf2+ 46.
Kd3 Rd2+ 47. Ke4 e2 48. Rb6+ Kf7 0-1

[Event "Frankfurt Ch A 2017"]
[Site "Ffm-Höchst, BiKuZ"]
[Date "2017.05.22"]
[Round "5.52"]
[White "Imelmann, Esther"]
[Black "Bernhardt, Winfried"]
[Result "0-1"]
[WhiteElo "1597"]
[BlackElo "1458"]
[PlyCount "93"]
[EventDate "2017.??.??"]
[WhiteTeam "Vorw.Orient Mainz"]
[BlackTeam "SV Nauheim"]

1. d4 d5 2. c4 dxc4 3. e3 b5 4. Nc3 a6 5. a4 Bb7 6. axb5 axb5 7. Rxa8 Bxa8 8.
Nxb5 c6 9. Nc3 c5 10. Qa4+ Bc6 11. Qxc4 e6 12. Nf3 cxd4 13. Nxd4 Bd7 14. Be2
Nf6 15. O-O Be7 16. Rd1 O-O 17. e4 Qa5 18. Bf3 Rc8 19. Qe2 e5 20. Nf5 Bf8 21.
Bg5 Qb6 22. Be3 Qb4 23. Bg5 Bxf5 24. exf5 Nbd7 25. Bxf6 Nxf6 26. g3 Re8 27. Bc6
Rb8 28. Rd2 Qc5 29. Bg2 Qa5 30. Qd1 g6 31. fxg6 hxg6 32. h4 Bb4 33. Rd3 Bc5 34.
Qc1 Kg7 35. Nd1 Qe1+ 36. Bf1 Bxf2+ 37. Kg2 Bd4 38. Qd2 Qe4+ 39. Rf3 Qg4 40. Bc4
Rd8 41. Qa5 Rc8 42. Qa6 e4 43. Rf4 Qd7 44. Qa2 Be5 45. Rf2 Qxd1 46. Bxf7 Qd3
47. Be6 0-1

[Event "Frankfurt Ch A 2017"]
[Site "Ffm-Höchst, BiKuZ"]
[Date "2017.05.22"]
[Round "5.53"]
[White "Winter, Olaf"]
[Black "Ketting, Douwe"]
[Result "1/2-1/2"]
[WhiteElo "1597"]
[BlackElo "1452"]
[PlyCount "52"]
[EventDate "2017.??.??"]
[WhiteTeam "SK Bad Homburg"]
[BlackTeam "SC Somborn"]

1. c4 Nf6 2. Nc3 g6 3. g3 Bg7 4. Bg2 c5 5. e3 e5 6. Nge2 O-O 7. O-O Nc6 8. a3
a5 9. b3 Ne7 10. Bb2 d5 11. cxd5 Nfxd5 12. Na4 b6 13. Qc2 Rb8 14. Rad1 Ba6 15.
Rfe1 Nc7 16. Bc3 Nb5 17. Qb2 Qc7 18. f4 Nxc3 19. Naxc3 exf4 20. Nxf4 Rfd8 21.
Qc2 Bb7 22. e4 Qe5 23. Kh1 Ba6 24. Ncd5 Nc6 25. Qb1 Qb2 26. Qxb2 Bxb2 1/2-1/2

[Event "Frankfurt Ch A 2017"]
[Site "Ffm-Höchst, BiKuZ"]
[Date "2017.05.22"]
[Round "5.54"]
[White "Stulken, Dietmar"]
[Black "Hagel, Stephan"]
[Result "0-1"]
[WhiteElo "1358"]
[BlackElo "1570"]
[PlyCount "112"]
[EventDate "2017.??.??"]
[WhiteTeam "SF Frankfurt"]
[BlackTeam "SK Hungen"]

1. e4 c5 2. Nf3 d6 3. d4 cxd4 4. Nxd4 Nf6 5. Nc3 a6 6. Be2 e5 7. Nf3 Be7 8. O-O
O-O 9. Re1 Be6 10. h3 Nc6 11. Be3 Qa5 12. Ng5 Qb4 13. Bd2 Qb6 14. Nxe6 fxe6 15.
Bc4 Nd8 16. Na4 Qc6 17. Bb3 Nxe4 18. Be3 b5 19. Nb6 Rb8 20. Nd5 Qb7 21. Nxe7+
Qxe7 22. Qg4 Nf6 23. Qe2 Kh8 24. Rad1 d5 25. c3 Nc6 26. Rd3 Na5 27. Bc2 Nc4 28.
Bc1 Ne4 29. Rf3 Rxf3 30. Qxf3 Rf8 31. Qd3 Qh4 32. Rf1 Rxf2 33. Rxf2 Qxf2+ 34.
Kh2 g6 35. Qf3 Qxf3 36. gxf3 Nf6 37. b3 Nd6 38. Bg5 Kg7 39. Bh4 Nf5 40. Bf2 Nh5
41. a4 Kf7 42. axb5 axb5 43. Bd3 Nd6 44. Bc5 Nf4 45. Bf1 Ke7 46. Bxb5 g5 47.
Ba4 Nd3 48. Ba3 d4 49. cxd4 exd4 50. b4 Nb7 51. b5+ Ndc5 52. b6 Kd8 53. Bc6 d3
54. Bxc5 Nxc5 55. b7 Nxb7 56. Bxb7 d2 0-1

[Event "Frankfurt Ch A 2017"]
[Site "Ffm-Höchst, BiKuZ"]
[Date "2017.05.22"]
[Round "5.55"]
[White "Masoudi, Kian"]
[Black "Popp, Matthias"]
[Result "1-0"]
[WhiteElo "1403"]
[BlackElo "1533"]
[PlyCount "55"]
[EventDate "2017.??.??"]
[WhiteTeam "SC Bergen-Enkheim"]
[BlackTeam "SC Bergen-Enkheim"]

1. e4 c5 2. d4 cxd4 3. c3 dxc3 4. Nxc3 Nc6 5. Bc4 e6 6. a3 Be7 7. Nf3 Bf6 8.
Nb5 Nge7 9. Nd6+ Kf8 10. Nb5 a6 11. Nd6 Ne5 12. Nxe5 Bxe5 13. f4 Bxd6 14. Qxd6
b5 15. Ba2 Ra7 16. O-O Qc7 17. Qd3 Ng6 18. Be3 Ra8 19. Rac1 Qb8 20. Bc5+ Ke8
21. Bd6 Qb6+ 22. Bc5 Qb8 23. f5 Ne5 24. Qd4 f6 25. fxe6 dxe6 26. Bd6 Qb7 27.
Rc7 Nc6 28. Qc5 1-0

[Event "Frankfurt Ch A 2017"]
[Site "Ffm-Höchst, BiKuZ"]
[Date "2017.05.22"]
[Round "5.56"]
[White "Lessmann, Sven"]
[Black "Fritsch, Reinhold"]
[Result "0-1"]
[WhiteElo "1398"]
[BlackElo "1476"]
[PlyCount "82"]
[EventDate "2017.??.??"]
[WhiteTeam "SC Bad Soden"]
[BlackTeam "SC Somborn"]

1. d4 Nf6 2. Nf3 d6 3. e3 g6 4. Bd3 Bg7 5. Nbd2 O-O 6. O-O Nbd7 7. c3 b6 8. e4
e5 9. Re1 Nh5 10. Nf1 Nf4 11. Bc4 Bb7 12. Qb3 Qe7 13. h4 h6 14. g3 Ne6 15. N1h2
exd4 16. Bxe6 fxe6 17. Nxd4 Nc5 18. Qc2 e5 19. Ndf3 Bc8 20. b4 Nd7 21. Qd3 Nf6
22. Be3 Kh7 23. Kg2 Qe6 24. Ng1 Bd7 25. f3 Rf7 26. Rf1 a6 27. Rf2 Bb5 28. Qd2
Raf8 29. a4 Bc6 30. Qe2 b5 31. a5 d5 32. Bc5 Rd8 33. Rd1 Rfd7 34. Qa2 Qe8 35.
Rfd2 dxe4 36. Rxd7 Rxd7 37. Rxd7 Qxd7 38. fxe4 Nxe4 39. Ngf3 Nxc3 40. Qc2 e4
41. Nd4 Bxd4 0-1

[Event "Frankfurt Ch A 2017"]
[Site "Ffm-Höchst, BiKuZ"]
[Date "2017.05.22"]
[Round "5.58"]
[White "Hedrich, Gerd"]
[Black "Richter, Wolfram"]
[Result "1/2-1/2"]
[WhiteElo "1443"]
[BlackElo "1531"]
[PlyCount "82"]
[EventDate "2017.??.??"]
[WhiteTeam "Wiesbadener SV"]
[BlackTeam "SK Bad Sooden-Allendorf"]

1. Nf3 d5 2. c4 Nf6 3. d4 g6 4. Bf4 Bg7 5. Be5 O-O 6. e3 Nbd7 7. cxd5 Nxe5 8.
Nxe5 Qxd5 9. Nc3 Qa5 10. Be2 Rd8 11. O-O c5 12. Nc4 Qa6 13. Nd2 Qa5 14. Nb3 Qc7
15. Nxc5 e5 16. Nb3 exd4 17. Nxd4 a6 18. Qc2 Rd6 19. Rad1 Ng4 20. Qe4 Rxd4 21.
Qe8+ Bf8 22. Bxg4 Rxd1 23. Bxd1 Rb8 24. Nd5 Qd6 25. Bb3 Be6 26. Qa4 Bg7 27. Nf4
b5 28. Qe4 Bxb3 29. axb3 Bxb2 30. Nd5 Rd8 31. Rd1 Kg7 32. Qc2 Be5 33. g3 Qe6
34. Qe4 Qd6 35. Qf3 Qc6 36. e4 a5 37. Kg2 a4 38. bxa4 bxa4 39. Ne7 Qc7 40. Rxd8
Qxd8 41. Nc6 Qe8 1/2-1/2

[Event "Frankfurt Ch B 2017"]
[Site "Ffm-Höchst, BiKuZ"]
[Date "2017.05.22"]
[Round "5.2"]
[White "Gade, Bernt"]
[Black "Mayer, Rolf"]
[Result "1-0"]
[WhiteElo "1447"]
[BlackElo "1340"]
[PlyCount "45"]
[EventDate "2017.??.??"]
[WhiteTeam "FV Berkersheim"]
[BlackTeam "SC Flörsheim"]

1. e4 d6 2. d4 Nf6 3. Nc3 g6 4. f4 Bg7 5. Nf3 O-O 6. Bd3 Nc6 7. O-O e5 8. fxe5
dxe5 9. d5 Nb4 10. Nxe5 Nxe4 11. Bxe4 Bxe5 12. Bf4 Bxf4 13. Rxf4 Qg5 14. Rf2
Bg4 15. Qd4 Na6 16. b4 b6 17. Qc4 Bc8 18. d6 Qe5 19. Bxa8 Be6 20. Bd5 Bxd5 21.
Qxd5 Qxc3 22. Raf1 cxd6 23. Rxf7 1-0

[Event "Frankfurt Ch B 2017"]
[Site "Ffm-Höchst, BiKuZ"]
[Date "2017.05.22"]
[Round "5.3"]
[White "Brunner, Andreas"]
[Black "Kiel, Gerhard"]
[Result "0-1"]
[WhiteElo "1353"]
[BlackElo "1441"]
[PlyCount "90"]
[EventDate "2017.??.??"]
[WhiteTeam "FV Berkersheim"]
[BlackTeam "vereinslos"]

1. e4 g6 2. Nf3 Bg7 3. d4 d6 4. Bc4 Nf6 5. Nc3 O-O 6. h3 Nxe4 7. O-O Nxc3 8.
bxc3 c6 9. Rb1 b5 10. Bd3 Nd7 11. a4 a6 12. Be3 Nf6 13. Qd2 Be6 14. Bh6 Qd7 15.
Bxg7 Kxg7 16. Ng5 Bf5 17. Rfe1 Ra7 18. Bxf5 Qxf5 19. Nf3 h6 20. a5 g5 21. Re3
Rg8 22. Rbe1 Nd5 23. Re4 e6 24. Qd3 Nf4 25. Qe3 Kh8 26. d5 cxd5 27. Qd4+ Kh7
28. Rxf4 Qxf4 29. Qxa7 g4 30. hxg4 Qxg4 31. Qxf7+ Rg7 32. Qxg7+ Kxg7 33. Nd4 e5
34. f3 Qg6 35. Ne2 Qxc2 36. Kf2 Kf6 37. Rh1 Kg6 38. Rc1 Qd2 39. Rh1 Qa2 40. Rh4
Qxa5 41. Rg4+ Kh7 42. Ng3 Qxc3 43. Nh5 e4 44. fxe4 dxe4 45. Rxe4 Qc5+ 0-1

[Event "Frankfurt Ch B 2017"]
[Site "Ffm-Höchst, BiKuZ"]
[Date "2017.05.22"]
[Round "5.4"]
[White "Mayer, Andreas"]
[Black "Arnold, Jan"]
[Result "1/2-1/2"]
[WhiteElo "1434"]
[BlackElo "1114"]
[PlyCount "54"]
[EventDate "2017.??.??"]
[WhiteTeam "SF Frankfurt"]
[BlackTeam "SC Frankfurt-West"]

1. e4 c5 2. d4 cxd4 3. c3 dxc3 4. Nxc3 Nc6 5. Nf3 g6 6. Bc4 Bg7 7. O-O e6 8.
Qe2 Nge7 9. Rd1 O-O 10. Nb5 a6 11. Nd6 Qc7 12. Bg5 b5 13. Bb3 h6 14. Bh4 g5 15.
Bg3 Qb6 16. Nxc8 Raxc8 17. Rxd7 Rfd8 18. Rad1 Nd4 19. Rxd8+ Rxd8 20. Nxd4 Rxd4
21. Rc1 Qd8 22. Bc7 Qd7 23. Ba5 Nc6 24. Bc3 Rd6 25. Bxg7 Kxg7 26. Rd1 Rxd1+ 27.
Qxd1 Qxd1+ 1/2-1/2

[Event "Frankfurt Ch B 2017"]
[Site "Ffm-Höchst, BiKuZ"]
[Date "2017.05.22"]
[Round "5.5"]
[White "Winter, Thomas"]
[Black "Both, Günter"]
[Result "1-0"]
[WhiteElo "1303"]
[BlackElo "1427"]
[PlyCount "61"]
[EventDate "2017.??.??"]
[WhiteTeam "SV Oberursel"]
[BlackTeam "SK Bischofsheim"]

1. e4 c5 2. Nf3 Nc6 3. d4 cxd4 4. Nxd4 e5 5. Nb5 d6 6. N1c3 a6 7. Na3 Nf6 8.
Bg5 Be7 9. Bxf6 Bxf6 10. Nd5 b5 11. h3 Bb7 12. Qd3 Bg5 13. Be2 O-O 14. c3 Ne7
15. Ne3 Bxe3 16. Qxe3 f5 17. f3 f4 18. Qd2 Qb6 19. O-O-O Rf6 20. Rhg1 Rg6 21.
Nc2 a5 22. Kb1 Rd8 23. Qe1 Rg3 24. Na3 Ba6 25. Rd2 b4 26. cxb4 Bxe2 27. bxa5
Qxa5 28. Qxe2 Rg6 29. Nc4 Qc5 30. Rc1 Qb4 31. Nxe5 1-0

[Event "Frankfurt Ch B 2017"]
[Site "Ffm-Höchst, BiKuZ"]
[Date "2017.05.22"]
[Round "5.6"]
[White "Wöhl, Torsten"]
[Black "Landvoigt, Martin"]
[Result "1-0"]
[WhiteElo "1338"]
[BlackElo "1177"]
[PlyCount "94"]
[EventDate "2017.??.??"]
[WhiteTeam "SC Groß-Zimmern"]
[BlackTeam "SF Friedberg"]

1. d4 Nf6 2. Bf4 c5 3. e3 e6 4. Nf3 Nc6 5. c3 b6 6. Nbd2 Bb7 7. Nc4 Ne4 8. Qc2
d5 9. Ncd2 Nxd2 10. Qxd2 h6 11. Bb5 a6 12. Ba4 b5 13. Bc2 Bd6 14. Ne5 Nxe5 15.
dxe5 Be7 16. a4 h5 17. Qe2 g5 18. axb5 gxf4 19. bxa6 Bc6 20. Ba4 Qb6 21. Bxc6+
Qxc6 22. exf4 d4 23. O-O Rg8 24. g3 h4 25. cxd4 h3 26. f3 cxd4 27. Qd3 Bc5 28.
Rfc1 Qb6 29. Rc2 Ke7 30. Kf2 Rgc8 31. g4 Ra7 32. Kg3 Rh8 33. g5 Kd8 34. Qc4 Rc7
35. a7 Rxa7 36. Rxa7 Qxa7 37. Qxc5 Qxc5 38. Rxc5 Ke7 39. Rc7+ Kf8 40. Rc8+ Kg7
41. Rxh8 Kxh8 42. Kf2 Kg7 43. b4 Kf8 44. Ke2 Ke7 45. Kd3 Kd7 46. Kxd4 Kc6 47.
Kc4 Kb6 1-0

[Event "Frankfurt Ch B 2017"]
[Site "Ffm-Höchst, BiKuZ"]
[Date "2017.05.22"]
[Round "5.7"]
[White "Grünzig, Matthias"]
[Black "Dröser, Wolfgang"]
[Result "1/2-1/2"]
[WhiteElo "1312"]
[BlackElo "1311"]
[PlyCount "29"]
[EventDate "2017.??.??"]
[WhiteTeam "FV Berkersheim"]
[BlackTeam "SC Sulzbach"]

1. e4 g6 2. Nf3 Bg7 3. d4 d6 4. c3 a6 5. Be2 h6 6. Be3 e6 7. Nbd2 b6 8. Qc2 Bb7
9. O-O Ne7 10. Rad1 Nd7 11. Nb3 Qc8 12. Ne1 O-O 13. Bf3 e5 14. Qc1 Kh7 15. Nd2
1/2-1/2

[Event "Frankfurt Ch B 2017"]
[Site "Ffm-Höchst, BiKuZ"]
[Date "2017.05.22"]
[Round "5.8"]
[White "Häfner, Günther"]
[Black "Manasek, Martin"]
[Result "1/2-1/2"]
[WhiteElo "940"]
[BlackElo "1362"]
[PlyCount "43"]
[EventDate "2017.??.??"]
[WhiteTeam "FV Berkersheim"]
[BlackTeam "Bad Vilbeler Sfr"]

1. e4 c5 2. Nf3 Nc6 3. d4 cxd4 4. Nxd4 a6 5. Nc3 e5 6. Nf3 Nf6 7. Bd3 Be7 8.
O-O O-O 9. Nd5 d6 10. h3 Be6 11. c4 Nd7 12. Be3 Nc5 13. Rc1 Bxd5 14. cxd5 Na7
15. Bb1 Nb5 16. Qd2 Rc8 17. b4 Na4 18. Bc2 Nbc3 19. Bxa4 Nxa4 20. Rxc8 Qxc8 21.
Rc1 Qd7 22. a3 1/2-1/2

[Event "Frankfurt Ch B 2017"]
[Site "Ffm-Höchst, BiKuZ"]
[Date "2017.05.22"]
[Round "5.9"]
[White "Goodwin, David"]
[Black "Arnold, Aaron"]
[Result "0-1"]
[WhiteElo "1456"]
[BlackElo "1163"]
[PlyCount "176"]
[EventDate "2017.??.??"]
[WhiteTeam "SV Kelsterbach"]
[BlackTeam "SC Frankfurt-West"]

1. Nf3 c5 2. g3 Nf6 3. d3 d6 4. Bg2 g6 5. O-O Bg7 6. Nbd2 O-O 7. Rb1 Nc6 8. a3
a5 9. c4 Rb8 10. b3 d5 11. Bb2 d4 12. Ne1 Bd7 13. e3 Ng4 14. e4 e5 15. h3 Nh6
16. Ndf3 f5 17. Nh4 f4 18. Bc1 fxg3 19. fxg3 Rxf1+ 20. Bxf1 Nf7 21. Nef3 Bf6
22. Kh2 b5 23. Bd2 bxc4 24. bxc4 Ra8 25. g4 Bxh4 26. Rb7 Bc8 27. Rb5 Qe7 28.
Rb6 Bd7 29. Qc1 Qf6 30. Bg2 g5 31. Rb7 Be6 32. Rb6 Ne7 33. Qf1 Rf8 34. Qb1 Ng6
35. Qc1 Nf4 36. Bxf4 gxf4 37. Nxh4 Qxh4 38. Rxe6 Qg3+ 39. Kh1 f3 40. Qf1 fxg2+
41. Qxg2 Qxg2+ 42. Kxg2 Rb8 43. Ra6 Rb3 44. Rxa5 Rxd3 45. a4 Re3 46. Rxc5 Rxe4
47. a5 d3 48. Rd5 Rd4 49. Rxd4 exd4 50. Kf2 Nd6 51. a6 Nxc4 52. Ke1 Kf7 53. a7
Nb6 54. Kd2 Ke6 55. Kxd3 Kd5 56. g5 Ke5 57. h4 Na8 58. h5 Kf5 59. g6 hxg6 60.
h6 Kf6 61. Kxd4 g5 62. Ke4 Kg6 63. h7 Kxh7 64. Kf5 Kh6 65. Kg4 Kg6 66. Kg3 Kh5
67. Kh3 g4+ 68. Kg2 Kh4 69. Kh2 g3+ 70. Kg2 Kg4 71. Kh1 Kh3 72. Kg1 g2 73. Kf2
Kh2 74. Kf3 g1=Q 75. Kf4 Qxa7 76. Ke4 Kg3 77. Ke5 Qe7+ 78. Kd5 Nc7+ 79. Kc4 Qd6
80. Kc3 Kf3 81. Kc4 Ke4 82. Kc3 Qd4+ 83. Kc2 Ke3 84. Kb3 Qc5 85. Kb2 Kd3 86.
Kb3 Qb6+ 87. Ka4 Kc4 88. Ka3 Qb3# 0-1

[Event "Frankfurt Ch B 2017"]
[Site "Ffm-Höchst, BiKuZ"]
[Date "2017.05.22"]
[Round "5.10"]
[White "Giebitz, Walter"]
[Black "Mongi, Mario"]
[Result "0-1"]
[WhiteElo "1212"]
[BlackElo "1312"]
[PlyCount "50"]
[EventDate "2017.??.??"]
[WhiteTeam "SC Steinbach"]
[BlackTeam "SC Sulzbach"]

1. e4 c5 2. Nf3 Nc6 3. Bc4 Nf6 4. Nc3 Qc7 5. O-O a6 6. a3 g6 7. d3 Bg7 8. Be3
O-O 9. Bxc5 d6 10. Be3 Bg4 11. h3 Bxf3 12. Qxf3 Ne5 13. Qe2 Nxc4 14. dxc4 Rfc8
15. b3 b5 16. Bg5 bxc4 17. Bxf6 exf6 18. Nd5 Qa7 19. bxc4 f5 20. Rab1 Re8 21.
Kh1 Rxe4 22. Qd3 Qc5 23. Nb6 Rae8 24. Qd5 Qxa3 25. Qxd6 Qxd6 0-1

[Event "Frankfurt Ch B 2017"]
[Site "Ffm-Höchst, BiKuZ"]
[Date "2017.05.22"]
[Round "5.11"]
[White "Hartwig, Horst"]
[Black "Mook, Karl-Jürgen"]
[Result "1/2-1/2"]
[WhiteElo "1156"]
[BlackElo "1262"]
[PlyCount "102"]
[EventDate "2017.??.??"]
[WhiteTeam "vereinslos"]
[BlackTeam "SC Sulzbach"]

1. e4 e5 2. Nf3 Nc6 3. Bb5 Bc5 4. O-O Nd4 5. Bc4 Nf6 6. Ng5 O-O 7. d3 d6 8. c3
Ne6 9. Nxe6 Bxe6 10. Bxe6 fxe6 11. a4 a5 12. Na3 Qe7 13. Nc2 h6 14. Qe2 Qf7 15.
d4 Ba7 16. dxe5 dxe5 17. Be3 Bxe3 18. Qxe3 Ng4 19. Qg3 Qh5 20. f3 Nf6 21. b4
Nd7 22. Na3 axb4 23. cxb4 Rxa4 24. Nc2 Rfa8 25. Rad1 Nb6 26. Rd3 Ra2 27. Rc3
Rc8 28. Rc5 Nd7 29. Rc3 c5 30. b5 b6 31. Ne3 Rca8 32. Nc4 Ra1 33. Qf2 Qg6 34.
Nd6 Rxf1+ 35. Qxf1 Qg5 36. Rd3 Qe7 37. Nc4 Ra4 38. Rc3 Rb4 39. Na3 Qd6 40. Kh1
Rd4 41. Rc1 Qb8 42. Rd1 Qa7 43. Nc2 Rxd1 44. Qxd1 Qc7 45. Qc1 Qd6 46. Ne3 Qd3
47. Nc4 Kf7 48. h3 Kf6 49. Kh2 Ke7 50. Kg3 Qd4 51. Qc2 Qg1 1/2-1/2